| 000 | 00400 a2200157 4500 | ||
|---|---|---|---|
| 003 | Nust | ||
| 005 | 20230321140907.0 | ||
| 040 | _cNust | ||
| 082 | _a338,SHA | ||
| 100 |
_aZia Iqbal Shahid _967016 |
||
| 245 |
_aChotti Santton Main Sarmayakari / _cZia Iqbal Shahid |
||
| 260 |
_aRawalpindi _bShiekh Publisher |
||
| 300 | _a312:p | ||
| 650 |
_aIndustrial Economy _9110905 |
||
| 942 |
_2ddc _cBK _k338,SHA |
||
| 999 |
_c188047 _d188047 |
||